Oh! Oh! Feliz Natal! (Registo nº 4365)

Detalhes MARC
000 -Etiqueta do registo
Cabeçalho 00606nam0a2200217 4500
005 - Identificador da versão
Campo de controlo 20240813122059.0
010 ## - Número internacional normalizado dos livros (ISBN)
Número (ISBN) 9727123082
100 ## - Dados gerais de processamento
Dados gerais de processamento 20170113d2003 c y0pory5003 ba
102 ## - Pais de publicação ou produção
País de publicação Portugal
101 1# - Língua de publicação
Língua do texto, banda sonora, etc. Português
Língua do documento no original Alemão
215 ## - Descrição física 
Indicação específica da natureza do documento e extensão da espécie [13] p.
Outras indicações físicas il. color
200 1# - Titulo e menção de responsabilidade
Título próprio Oh! Oh! Feliz Natal!
Primeira menção de responsabilidade Svjetlan Junakovic
210 ## - Publicação, Distribuição, etc. 
Lugar da edição, distribuição, etc. Maia
Nome do editor, distribuidor, etc. Ed. Nova Gaia
Data da publicação, distribuição, etc. cop. 2003
606 ## - Nome comum usado como assunto
Número de registo de entrada de autoridade 0001608
Palavra de ordem Literatura Croata
Subdivisão de assunto Conto
Código do sistema CA
675 ## - Classificação Decimal Universal (CDU)
Notação 821.163.4(497.5)-34
Edição 3ª ed.
Língua da edição por
700 #1 - Nome de autor-pessoa física (responsabilidade principal)
Número de registo de entrada de autoridade 0001610
Palavra de ordem Junakovic
Outra parte do nome não tomada para palavra de ordem Svjetlan
Datas 1961-
966 ## - Identificação da Biblioteca
Sigla EBVEN
942 ## - Elementos de entrada adicionados (Koha)
Tipo de item no Koha Livro
Exemplares
Situação do levantamento Origin of item (home branch) (coded) Biblioteca de empréstimo Código de barras Cota Circulation type (not for loan) Tipo de documento Nota do exemplar Damaged status
  Biblioteca Escolar das Vendas Biblioteca Escolar das Vendas BEV913 8EST JUN   Livro Sem mensagem